Le Musée galant du dix-huitième siecle (Record no. 160439)
[ view plain ]
| 000 -LEADER | |
|---|---|
| campo de control de longitud fija | 01151nam a2200229 i 4500 |
| 001 - NÚMERO DE CONTROL | |
| campo de control | 160439 |
| 003 - IDENTIFICADOR DE NÚMERO DE CONTROL | |
| campo de control | ES-MaACL |
| 005 - FECHA Y HORA DE LA ÚLTIMA TRANSACCIÓN | |
| campo de control | 20250927112022.0 |
| 008 - DATOS DE LONGITUD FIJA--INFORMACIÓN GENERAL | |
| campo de control de longitud fija | 981002q1870 fr af |||| | fre d |
| 245 03 - MENCIÓN DEL TÍTULO | |
| Título | Le Musée galant du dix-huitième siecle |
| Resto del título | : facsimilés d'estampes originales en noir et en couleurs / |
| Mención de responsabilidad, etc. | chefs-d'oeuvre de Baudouin, Boilly, Boucher ... [et al.]. |
| 260 ## - PUBLICACIÓN, DISTRIBUCIÓN, ETC. | |
| Lugar de publicación, distribución, etc. | Paris : |
| Nombre del editor, distribuidor, etc. | G. Charpentier & E. Fasquelle, |
| Fecha de publicación, distribución, etc. | [ca. 1870] ( |
| Lugar de fabricación/manufactura | Sceaux : |
| Fabricante | Imp. Charaire et Cie) |
| 300 ## - DESCRIPCIÓN FÍSICA | |
| Extensión | 10 fasc. : |
| Otras características físicas | todas il. col. y n. ; |
| Dimensiones | 28 x 35 cm. |
| 530 ## - NOTA DISPONIBLE DE FORMULARIO FÍSICO ADICIONAL | |
| Nota de formato físico adicional disponible | Disponible en formato digital. |
| 596 ## - NOTA AL PIE DE IMPRENTA | |
| NOTA AL PIE DE IMPRENTA | Pie de imp. del fasc. 10 : Paris : G. Charpentier & Fasquelle, editeurs, Eugène Fasquelle, successeur. |
| 599 ## - NOTA A LAS ILUSTRACIONES | |
| NOTA A LAS ILUSTRACIONES | Las [6] p. de lám. de cada fascículo son grab. facsímiles. |
| 650 04 - PUNTO DE ACCESO ADICIONAL DE MATERIA--TÉRMINO DE MATERIA | |
| Término de materia o nombre geográfico como elemento de entrada | Pintura francesa- |
| Subdivisión general | S.XVIII. |
| 9 (RLIN) | 16050 |
| 700 1# - ENTRADA AGREGADA--NOMBRE PERSONAL | |
| Nombre de persona | Baudouin, Pierre Antoine, |
| Fechas asociadas al nombre | 1723-1769 |
| 9 (RLIN) | 163638 |
| 700 1# - ENTRADA AGREGADA--NOMBRE PERSONAL | |
| Nombre de persona | Boucher, François, |
| Fechas asociadas al nombre | 1703-1770 |
| 9 (RLIN) | 156306 |
| 852 ## - LOCALIZACIÓN | |
| Ubicación | ES-MaACL |
| Número de control de estantería | G-12261 |
| Nota libre | - Enc. hol. |
| 856 ## - LOCALIZACIÓN Y ACCESO ELECTRÓNICOS | |
| Identificador Uniforme de Recursos | <a href="https://bvpb.mcu.es/es/consulta/registro.do?id=577732 ">https://bvpb.mcu.es/es/consulta/registro.do?id=577732 </a> |
| Nota pública | Biblioteca Virtual del Patrimonio Bibliográfico |
| Estatus retirado | Estado de pérdida | Estado de daño | No para préstamo | Colección | Biblioteca de origen | Biblioteca actual | Ubicación en estantería | Fecha de adquisición | Fuente de adquisición | Total de préstamos | Signatura topográfica completa | Código de barras | Visto por última vez | Precio de reemplazo | Tipo de ítem Koha |
|---|---|---|---|---|---|---|---|---|---|---|---|---|---|---|---|
| Colección digital | Biblioteca del Ateneo de Madrid | Biblioteca del Ateneo de Madrid | Sala Pecera Planta 3 | 17/01/2008 | G-12261 | 1167993 | 23/02/2023 | 23/02/2023 | Libro impreso antiguo |
